| 000 | 01014nam a22002417a 4500 | ||
|---|---|---|---|
| 005 | 20170123164158.0 | ||
| 010 | _aA-406785 | ||
| 020 |
_c35.00 _a8171430201 |
||
| 035 | _aA-406785 | ||
| 040 |
_aDPL _bPN |
||
| 082 |
_aਕ _bਪਿਆਰਾ |
||
| 100 |
_aਪਿਆਰਾ ਸਿੰਘ ਰਮਤਾ _9131949 |
||
| 245 |
_aਮੇਰੀ ਧੁੱਪ ਤੇਰੀ ਛਾਂ : _cਪਿਆਰਾ ਸਿੰਘ ਰਮਤਾ _bਕਹਾਣੀਆਂ / |
||
| 246 |
_aMeri dhup teri cha : short stories / _b by Santokh Singh |
||
| 260 |
_aਅੰਮ੍ਰਿਤਸਰ _bਰਵੀ ਸਾਹਿਤ ਪ੍ਰਕਾਸ਼ਨ _c1988 |
||
| 270 |
_aਹਾਲ ਬਾਜ਼ਾਰ _bਅੰਮ੍ਰਿਤਸਰ |
||
| 300 |
_a152p. _c19cm(Hb) |
||
| 650 |
_aਪੰਜਾਬੀ ਸਾਹਿਤ- ਲਘੂ ਕਹਾਣੀਆਂ _98034 |
||
| 650 |
_aਪੰਜਾਬੀ ਸਾਹਿਤ _9131950 |
||
| 650 |
_aPunjabi Literature- Short stories _98035 |
||
| 650 |
_aPunjabi Literature _9131951 |
||
| 942 |
_2ddc _cPN _hਕ _mਪਿਆਰਾ |
||
| 999 |
_c110849 _d110849 |
||